Soundgarden - Superunknown Songs - Statistics

General Stats
  • This quiz has been taken 26 times
  • The average score is 11 of 15
Answer Stats
Length Song % Correct
5:18 Black Hole Sun
95%
4:42 Fell on Black Days
95%
4:06 Spoonman
90%
5:19 The Day I Tried to Live
90%
5:08 4th of July
81%
4:25 Mailman
81%
5:12 My Wave
81%
5:06 Superunknown
81%
5:47 Limo Wreck
71%
3:51 Let Me Drown
67%
7:01 Like Suicide
62%
4:16 Fresh Tendrils
57%
2:14 Half
57%
6:08 Head Down
57%
1:34 Kickstand
57%
No matching quizzes found
Score Distribution
Percent of People with Each Score
Percentile by Number Answered
Your Score History
You have not taken this quiz